Catálogo
 En Linea
Vista normal Vista MARC

Entrada Nombre personal

Número de registros utilizados en: 1

001 - NÚMERO DE CONTROL

  • campo de control: 88638

003 - IDENTIFICADOR DEL NÚMERO DE CONTROL

  • campo de control: DO-SdBNP

005 - FECHA Y HORA DE LA ÚLTIMA TRANSACCIÓN

  • campo de control: 20250918102008.0

008 - DATOS DE LONGITUD FIJA

  • campo de control de longitud fija: 250918|| aca||aabn | a|a d

040 ## - FUENTE DE LA CATALOGACIÓN

  • Centro catalogador/agencia de origen: DO-SdBNP

100 ## - ENCABEZAMIENTO-NOMBRE DE PERSONA

  • Nombre de persona: Jiménez, Alex

372 ## - CAMPO DE ACTIVIDAD

  • Campo de actividad: Periodismo

373 ## - GRUPO ASOCIADO

  • Grupo asociado: Periódico Primicias

374 ## - OCUPACIÓN

  • Ocupación: Periodista

375 ## - GÉNERO/SEXO

  • Género/Sexo: Masculino

Con tecnología Koha